Представление документа в формате RUSMARC

ПолеНазваниеЗначение
  Тип записи a
  Библиографический уровень m
001 Контрольный номер RU/SLIB/B/208725538
005 Дата корректировки 20201206204004.0
010 Индекс ISBN __
d Цена 35000-00
101 Язык документа __
a Язык текста rus
200 Заглавие и сведения об ответственности 0_
a Заглавие Из пещер и дебрей Индостана
f Первые сведения об ответственности Блаватская Е. П. ; предисл. В. П. Пазилова
b Общее обозначение материала Текст
210 Выходные данные __
a Место издания М.
c Издательство Сфера
d Дата издания 1994
215 Физическое описание __
a Объем 476 с.
225 Серия __
a Серия Белый лотос
606 Тематические рубрики __
a Основная рубрика История
y Географическая подрубрика Индия
606 Тематические рубрики __
a Основная рубрика История Азии в целом
606 Тематические рубрики __
a Основная рубрика Религия. Мистика. Свободомыслие
606 Тематические рубрики __
a Основная рубрика Оккультизм
610 Ключевые слова __
a Ключевые слова теософия; оккультные науки; просветители; персоналии; историческая литература
686 Индексы других классификаций __
a Классификационный индекс 63.3(5Инд)
686 Индексы других классификаций __
a Классификационный индекс 86.42
700 Автор __
a Фамилия Блаватская
b Имя Е. П.
4 Код отношения 070
702 Вторичная интеллектуальная ответственность __
a Фамилия Пазилов
b Имя В. П.
4 Код отношения Предисловие
801 Источник записи _0
a Страна RU
b Организация Муниципальное бюджетное учреждение культуры "Централизованная библиотечная система" г. Сургут (Центральная городская библиотека им. А. С. Пушкина)
g Правила каталогизации КиК/Лебедева
801 Источник записи _1
a Страна RU
b Организация Муниципальное бюджетное учреждение культуры "Централизованная библиотечная система" г. Сургут (Центральная городская библиотека им. А. С. Пушкина)
g Правила каталогизации КиК/Лебедева
852 Данные о местонахождении __
j Шифр хранения 63.3(5Инд)
c Каталожный индекс 63.3(5Инд); 86.42
i Авторский знак Б 68
p Инвентарный номер 53215
901 Тип документа __
t Тип документа m
990 Данные о заказе (DOS) __
j Количество экземпляров (DOS) 1